Factors Affecting the Development of Smes Primary Research in Nitra Region
Faktory ovplyvňujúce vývoj malých a stredných podnikov založených na primárnom výskume realizovaný v Nitrianskom kraji. Poskytnutie komplexného posúdenia rôznych faktorov ovplyvňujúcich podniky a overenie definovanej otázky výskumu, formulovanie odporúčania pre budúci vývoj podnikov.
Enregistré dans:
| Auteur principal: | |
|---|---|
| Autres auteurs: | |
| Format: | Chapitre de livre |
| Langue: | anglais |
| Sujets: | |
| Tags: |
Pas de tags, Soyez le premier à ajouter un tag!
|
MARC
| LEADER | 00000naa$a2200000$$$4500 | ||
|---|---|---|---|
| 001 | 0250064 | ||
| 005 | 20240502074013.9 | ||
| 041 | 0 | |a eng | |
| 044 | |a SK | ||
| 245 | 1 | 0 | |a Factors Affecting the Development of Smes Primary Research in Nitra Region |c Enikö Korcsmáros, Monika Šimonová |
| 520 | |a Faktory ovplyvňujúce vývoj malých a stredných podnikov založených na primárnom výskume realizovaný v Nitrianskom kraji. Poskytnutie komplexného posúdenia rôznych faktorov ovplyvňujúcich podniky a overenie definovanej otázky výskumu, formulovanie odporúčania pre budúci vývoj podnikov. | ||
| 610 | 2 | 0 | |a podnik malý |
| 610 | 2 | 0 | |a podnik stredný |
| 610 | 2 | 0 | |a vývoj |
| 610 | 2 | 0 | |a výskum |
| 610 | 2 | 0 | |a regióny |
| 610 | 2 | 0 | |a Nitra |
| 100 | 1 | |a Korcsmáros, Enikö | |
| 700 | 1 | |a Šimonová, Monika | |